La mythologie grecque - Les noms en L - Statistiques

Statistiques générales
  • Ce quiz a été pris 327 fois
  • Le résultat moyen est 3 sur 14
Statistiques - réponses
Indice Réponse % Correct
Titanide, mère d'Artémis et d'Apollon Léto
85%
Esprit de l'oubli, une rivière des Enfers porte son nom Léthé
48%
Mère des Dioscures et d'Hélène de Sparte Léda
42%
Père d'Œdipe, tué par son fils Laïos
35%
Père d'Ulysse Laërte
30%
Dragon gardien du jardin des Hespérides Ladon
18%
Tyran d'Arcadie Lycaon
18%
Roi de Troie, père de Priam Laomédon
10%
Roi de Thèbes, grand-père d'Œdipe Labdacos
9%
Prêtre d'Apollon troyen qui reconnaît le cheval de Troie comme un piège Laocoon
8%
Femme se transformant en créature affreuse afin d'enlever des enfants Lamia
7%
Argonaute et chasseur à la vue perçante Lyncée
4%
Fils d'Apollon ayant recueilli Achille à la demande de Thétis Lycomède
3%
Fils d'Œnomaos, amoureux de Daphné Leucippos
2%
Aucun quiz correspondant
Distribution des résultats
% des personnes avec chaque résultat
Percentile par nombre de réponses
Votre historique - résultats
Vous n’avez pas pris ce quiz